Современные системы проектирования металлоконструкций; Прогрессивные технологии и экономика в машиностроении

書誌詳細
Parent link:Прогрессивные технологии и экономика в машиностроении.— 2015.— [С. 103-105]
第一著者: Зубенко Л. Н.
団体著者: Национальный исследовательский Томский политехнический университет (ТПУ) Юргинский технологический институт (филиал) (ЮТИ) Кафедра сварочного производства (КСП)
その他の著者: Крюков А. В. Артем Викторович (научный руководитель)
要約:Заглавие с экрана
言語:ロシア語
出版事項: 2015
シリーズ:Современные технологии в сварочном производстве
主題:
オンライン・アクセス:http://earchive.tpu.ru/handle/11683/17918
http://www.lib.tpu.ru/fulltext/c/2015/C57/038.pdf
フォーマット: MixedMaterials 電子媒体 図書の章
KOHA link:https://koha.lib.tpu.ru/cgi-bin/koha/opac-detail.pl?biblionumber=611738

MARC

LEADER 00000naa2a2200000 4500
001 611738
005 20260416122332.0
035 |a (RuTPU)RU\TPU\conf\9585 
035 |a RU\TPU\conf\9583 
090 |a 611738 
100 |a 20150420d2015 k y0rusy50 ca 
101 0 |a rus 
102 |a RU 
135 |a drgn ---uucaa 
181 0 |a i  
182 0 |a b 
200 1 |a Современные системы проектирования металлоконструкций  |f Л. Н. Зубенко  |g науч. рук. А. В. Крюков 
203 |a Текст  |c электронный 
215 |a 1 файл(268 Кб) 
225 1 |a Современные технологии в сварочном производстве 
300 |a Заглавие с экрана 
320 |a [Библиогр.: с. 105 (5 назв.)] 
337 |a Adobe Reader 
463 1 |0 (RuTPU)RU\TPU\conf\9525  |t Прогрессивные технологии и экономика в машиностроении  |o сборник трудов VI Всероссийской научно-практической конференции для студентов и учащейся молодежи, 9-11 апреля 2015 г., Юрга  |f Национальный исследовательский Томский политехнический университет (ТПУ), Юргинский технологический институт (ЮТИ) ; под ред. Д. А. Чинахова  |v [С. 103-105]  |d 2015 
610 1 |a электронный ресурс 
610 1 |a труды учёных ТПУ 
610 1 |a современные системы 
610 1 |a проектирование 
610 1 |a металлоконструкции 
610 1 |a сварные конструкции 
700 1 |a Зубенко  |b Л. Н. 
702 1 |a Крюков  |b А. В.  |c специалист в области сварочного производства  |c доцент Юргинского технологического института (филиал) Томского политехнического университета, кандидат технических наук  |f 1979-  |g Артем Викторович  |4 727 
712 0 2 |a Национальный исследовательский Томский политехнический университет (ТПУ)  |b Юргинский технологический институт (филиал) (ЮТИ)  |b Кафедра сварочного производства (КСП)  |3 (RuTPU)RU\TPU\col\18891 
801 1 |a RU  |b 63413507  |c 20101016 
801 2 |a RU  |b 63413507  |c 20210211  |g RCR 
856 4 |u http://earchive.tpu.ru/handle/11683/17918 
856 4 |u http://www.lib.tpu.ru/fulltext/c/2015/C57/038.pdf 
942 |c BK